000 00450nam a2200169Ia 4500
008 240729s9999 xx 000 0 und d
022 _a2836-3310
245 0 _aCommunications in Analysis and Mechanics
260 _aUnited States
260 _bAIMS Press
650 _a Analytic mechanics
650 _a Mathematics
650 _aScience
856 _uhttps://doaj.org/toc/17709c44cf6548cb94ea743a21ee268e
942 _2ddc
942 _cDOAJEJ
999 _c67108
_d67108
945 _a1
_bMadushi Gamage
_c1
_dMadushi Gamage